[Event "Continental"]
[Site "Sao Paulo BRA"]
[Date "2009.08.01"]
[Round "10.101"]
[White "Pontes, Ailton"]
[Black "Mello, Rodrigo de"]
[Result "1-0"]
[WhiteElo "2001"]
[BlackElo "1819"]
[EventDate "2009.07.25"]
[PlyCount "74"]

1.d4 d5 2.Nf3 Nf6 3.c4 c6 4.Nc3 Bf5 5.e3 e6 6.Qb3 Qb6 7.c5 Qc7 8.Be2 Be7 
9.Bd2 Nbd7 10.a4 Ne4 11.O-O O-O 12.a5 a6 13.Rfd1 Bf6 14.Be1 Rfe8 15.Na4 e5
16.Rac1 exd4 17.Nxd4 Bxd4 18.Rxd4 Re6 19.Rb4 Rh6 20.g3 Be6 21.Rxb7 Qe5 22.
Qc2 Qf5 23.f3 Qh5 24.Bd1 Nexc5 25.Nxc5 Nxc5 26.Rb4 Qxh2+ 27.Qxh2 Rxh2 28.
Kxh2 Nd3 29.Bd2 c5 30.Rb6 Nxc1 31.Bxc1 c4 32.Bd2 h6 33.Bc3 Kf8 34.Be5 Ke7 
35.Rb7+ Bd7 36.Bxg7 Rg8 37.Bd4 Rg6 1-0

[Event "Continental"]
[Site "Sao Paulo BRA"]
[Date "2009.08.01"]
[Round "10.102"]
[White "Brandao, Renan Alves"]
[Black "Figueiredo, Rodrigo Fraga Leandro"]
[Result "1-0"]
[WhiteElo "1995"]
[BlackElo "1709"]
[EventDate "2009.07.25"]
[PlyCount "153"]

1.d4 e6 2.c4 d5 3.Nf3 Nf6 4.Nc3 Nbd7 5.e3 c6 6.Qc2 dxc4 7.Bxc4 b5 8.Bd3 
Bb7 9.O-O a6 10.Qe2 c5 11.b3 cxd4 12.exd4 Qc7 13.Bb2 Qf4 14.Ne1 Bd6 15.g3 
Qh6 16.f3 Nb6 17.Ne4 Nxe4 18.fxe4 O-O 19.Bc1 Qh3 20.e5 Be7 21.Bd2 Rfc8 22.
Qf2 Qh5 23.Ng2 Bxg2 24.Qxg2 Bg5 25.Rac1 Nd5 26.Qf2 Rxc1 27.Rxc1 Bxd2 28.
Qxd2 Qf3 29.Qe2 Qxe2 30.Bxe2 g6 31.Kf2 Ra7 32.Rc6 Nb4 33.Rc8+ Kg7 34.a3 
Nd5 35.Bd3 Ne7 36.Rc5 Rd7 37.Ke3 Nf5+ 38.Bxf5 gxf5 39.Rc6 Ra7 40.Rb6 Rc7 
41.Kd2 Rd7 42.Kd3 Ra7 43.Rc6 a5 44.Rb6 b4 45.axb4 axb4 46.Ke3 Ra2 47.h4 
Rg2 48.Kf3 Rg1 49.Kf2 Rb1 50.Rxb4 Kg6 51.Rb7 Rb2+ 52.Kf3 Rb1 53.b4 Rb3+ 
54.Kf2 Rb2+ 55.Kf1 Rb1+ 56.Kg2 Rb2+ 57.Kh3 Rb3 58.b5 f4 59.b6 f3 60.g4 Rb4
61.Kg3 Rxd4 62.Kxf3 Rb4 63.Rb8 Kg7 64.b7 h6 65.Ke3 Rb1 66.Kd4 Rd1+ 67.Kc5 
Rc1+ 68.Kd6 Rd1+ 69.Ke7 Rb1 70.g5 hxg5 71.hxg5 Rb6 72.Kd7 Rb1 73.g6 Rb2 
74.Ke7 fxg6 75.Kxe6 g5 76.Kf5 Rb5 77.Kg4 1-0

[Event "Continental"]
[Site "Sao Paulo BRA"]
[Date "2009.08.01"]
[Round "10.103"]
[White "Gotz, Klaus Seiji Furucho"]
[Black "Neto, Eugenio Herbst"]
[Result "1-0"]
[WhiteElo "1541"]
[BlackElo "1976"]
[EventDate "2009.07.25"]
[PlyCount "97"]

1.d4 Nf6 2.c4 g6 3.Nc3 Bg7 4.e4 d6 5.Be2 O-O 6.Bg5 h6 7.Be3 e5 8.d5 c5 9.
f3 Na6 10.Qd2 Kh7 11.g4 Ne8 12.g5 h5 13.h4 Bd7 14.Nh3 Nac7 15.Nf2 a6 16.a4
b5 17.axb5 axb5 18.Rxa8 Qxa8 19.O-O bxc4 20.Bxc4 f5 21.Nd3 f4 22.Bf2 Qa5 
23.Nb1 Qxd2 24.Nxd2 Nb5 25.b4 cxb4 26.Rb1 Nec7 27.Rxb4 Ra8 28.Bb6 Kg8 29.
Bxc7 Nxc7 30.Rb7 Rc8 31.Nb4 Ba4 32.Nc6 Bxc6 33.dxc6+ Kf8 34.Bd5 Bh8 35.Nc4
Nxd5 36.exd5 e4 37.Nxd6 Ra8 38.Nxe4 Bd4+ 39.Kf1 Ra1+ 40.Ke2 Ra2+ 41.Kd3 
Be5 42.c7 Ra3+ 43.Ke2 Ra2+ 44.Kd3 Ra3+ 45.Kc4 Bxc7 46.Rxc7 Rxf3 47.d6 Rf1 
48.Rc8+ Kf7 49.d7 1-0

[Event "Continental"]
[Site "Sao Paulo BRA"]
[Date "2009.08.01"]
[Round "10.104"]
[White "Chiari, Arthur Gontijo"]
[Black "Camara, Jose Arruda"]
[Result "0-1"]
[WhiteElo "1854"]
[BlackElo "1975"]
[EventDate "2009.07.25"]
[PlyCount "58"]

1.e4 e6 2.d4 d5 3.e5 c5 4.c3 Bd7 5.Nf3 Qb6 6.a3 c4 7.Be2 Nc6 8.O-O Nh6 9.
Nbd2 Nf5 10.Ne1 Na5 11.Bg4 Be7 12.Bxf5 exf5 13.f4 h5 14.Qf3 h4 15.Nc2 Be6 
16.Ne3 O-O-O 17.Rb1 Nb3 18.Qd1 Nxc1 19.Qxc1 g5 20.fxg5 f4 21.Rxf4 Bxg5 22.
Rf3 Rdg8 23.Nf5 Bxf5 24.Rxf5 Be3+ 25.Kh1 Qg6 26.Qf1 Bxd2 27.Rxf7 h3 28.g3 
Qe4+ 29.Qf3 Qxb1+ 0-1

[Event "Continental"]
[Site "Sao Paulo BRA"]
[Date "2009.08.01"]
[Round "10.105"]
[White "Pereira, Amanda Marques"]
[Black "Ramos, Angelo Bil"]
[Result "1/2-1/2"]
[WhiteElo "1926"]
[BlackElo "2197"]
[EventDate "2009.07.25"]
[PlyCount "73"]

1.e4 c5 2.c3 Nf6 3.e5 Nd5 4.d4 cxd4 5.Nf3 e6 6.cxd4 b6 7.a3 Bb7 8.Bd3 Be7 
9.O-O O-O 10.Nbd2 d6 11.Ne4 dxe5 12.dxe5 Ba6 13.Bxa6 Nxa6 14.Qd3 Nc5 15.
Nxc5 bxc5 16.Rd1 Qb6 17.Qc2 Rab8 18.Rb1 Qb3 19.Qxb3 Rxb3 20.Bg5 f6 21.exf6
gxf6 22.Nd2 Rb7 23.Bh4 Rfb8 24.Bg3 e5 25.Rbc1 Kf7 26.Nc4 Ke6 27.Kf1 Bf8 
28.Rd3 Rb3 29.Rcd1 Rxd3 30.Rxd3 Bh6 31.Ke2 Rb5 32.Kd1 Bg7 33.Kc2 f5 34.f3 
Bf6 35.Bf2 Be7 36.Bg3 Bf6 37.Bf2 1/2-1/2

[Event "Continental"]
[Site "Sao Paulo BRA"]
[Date "2009.08.01"]
[Round "10.106"]
[White "Haman, Muhammad"]
[Black "Carvalho, Felipe Lobo"]
[Result "0-1"]
[WhiteElo "1950"]
[BlackElo "2141"]
[EventDate "2009.07.25"]
[PlyCount "136"]

1.e4 c5 2.Nf3 d6 3.d4 cxd4 4.Nxd4 Nf6 5.Nc3 a6 6.Bg5 e6 7.f4 Qb6 8.Qd2 
Qxb2 9.Nb3 Qa3 10.Bd3 h6 11.Bh4 Nbd7 12.O-O Be7 13.Bg3 O-O 14.Rae1 b5 15.
e5 Nh5 16.Bf2 dxe5 17.fxe5 g5 18.Bd4 Bb7 19.Qe2 Ng7 20.Ne4 Kh8 21.Nf6 Nc5 
22.Bxc5 Bxc5+ 23.Kh1 Rad8 24.Be4 Bc8 25.Qf3 Nf5 26.Ng4 Kg7 27.Nxh6 Kxh6 
28.g4 Be7 29.gxf5 exf5 30.Bxf5 Kg7 31.Bxc8 Rxc8 32.Qf5 Qb4 33.Re4 Rc4 34.
a3 Qc3 35.Rxc4 Qxc4 36.Qf3 Qf4 37.Qxf4 gxf4 38.Rxf4 Bxa3 39.Nd4 Rd8 40.e6 
f6 41.Nc6 Rd1+ 42.Kg2 Re1 43.Nd4 Bc5 44.c4 Bxd4 45.Rxd4 Rxe6 46.Rd7+ Kg6 
47.cxb5 axb5 48.Rb7 Re2+ 49.Kg3 Rb2 50.h3 Rb3+ 51.Kf4 Rb4+ 52.Kf3 Kg5 53.
Rg7+ Kf5 54.Rb7 Rb3+ 55.Kg2 Kf4 56.Rb8 Rb2+ 57.Kh1 Kg3 58.Rg8+ Kxh3 59.Kg1
f5 60.Kf1 f4 61.Rg7 b4 62.Rg8 b3 63.Rb8 Kg3 64.Rg8+ Kf3 65.Kg1 Rb1+ 66.Kh2
b2 67.Rb8 Re1 68.Rxb2 Re2+ 0-1

[Event "Continental"]
[Site "Sao Paulo BRA"]
[Date "2009.08.01"]
[Round "10.107"]
[White "Resende, Carlos Alberto Filgueir"]
[Black "Rodrigues, Flavio Leite"]
[Result "1/2-1/2"]
[WhiteElo "2081"]
[BlackElo "1884"]
[EventDate "2009.07.25"]
[PlyCount "51"]

1.e4 c6 2.d4 d5 3.Nc3 dxe4 4.Nxe4 Bf5 5.Ng3 Bg6 6.h4 h6 7.Nf3 Nd7 8.h5 Bh7
9.Bd3 Bxd3 10.Qxd3 e6 11.Bf4 Bb4+ 12.c3 Be7 13.O-O-O Ngf6 14.c4 O-O 15.Kb1
Qa5 16.Ne5 Rad8 17.Qb3 Qb4 18.Qc2 c5 19.Bd2 Qb6 20.Bc3 cxd4 21.Bxd4 Bc5 
22.Nxd7 Nxd7 23.Bxc5 Nxc5 24.f3 Qc7 25.Ne4 Nxe4 26.Qxe4 1/2-1/2

[Event "Continental"]
[Site "Sao Paulo BRA"]
[Date "2009.08.01"]
[Round "10.108"]
[White "Awoki, Daniel Teidi"]
[Black "Mariano, Marceley Martins"]
[Result "1-0"]
[WhiteElo "1927"]
[BlackElo "2040"]
[EventDate "2009.07.25"]
[PlyCount "115"]

1.e4 c5 2.c3 Nf6 3.e5 Nd5 4.d4 cxd4 5.Nf3 Nc6 6.cxd4 d6 7.exd6 Qxd6 8.a3 
Bg4 9.Be2 g6 10.Nc3 Bg7 11.h3 Bf5 12.O-O O-O 13.Nxd5 Qxd5 14.Be3 Rfd8 15.
Rc1 Nxd4 16.Nxd4 Bxd4 17.Bxd4 Qxd4 18.Qxd4 Rxd4 19.Rc7 Rd7 20.Rfc1 Kf8 21.
Bf3 Rb8 22.Kf1 a6 23.Rc8+ Rxc8 24.Rxc8+ Kg7 25.Rb8 b5 26.Ra8 Rd6 27.Bb7 b4
28.Ke2 Bd3+ 29.Ke3 b3 30.Rc8 f5 31.Rc6 Rxc6 32.Bxc6 Bc2 33.Kd4 Kf6 34.Kc3 
e5 35.Bb7 a5 36.Bd5 e4 37.Bxb3 Bxb3 38.Kxb3 f4 39.Kc3 Ke5 40.b4 axb4+ 41.
axb4 Kd5 42.b5 f3 43.gxf3 exf3 44.Kb4 Kd6 45.Kc4 Kc7 46.Kc5 g5 47.Kd5 Kb6 
48.Ke4 Kxb5 49.Kxf3 h5 50.Ke4 g4 51.hxg4 hxg4 52.Kf4 Kc5 53.Kxg4 Kd5 54.f4
Ke6 55.Kg5 Ke7 56.Kg6 Kf8 57.f5 Kg8 58.f6 1-0

[Event "Continental"]
[Site "Sao Paulo BRA"]
[Date "2009.08.01"]
[Round "10.109"]
[White "Pedroso Junior, Arquimedes Gomes"]
[Black "Batista, Eliseu da Silva"]
[Result "1-0"]
[WhiteElo "2028"]
[BlackElo "1901"]
[EventDate "2009.07.25"]
[PlyCount "57"]

1.e4 c5 2.Nf3 Nc6 3.d4 cxd4 4.Nxd4 Nf6 5.Nc3 e5 6.Ndb5 d6 7.Bg5 a6 8.Bxf6 
gxf6 9.Na3 b5 10.Nd5 f5 11.c4 b4 12.Nc2 fxe4 13.Ncxb4 Nxb4 14.Nxb4 Bg7 15.
Qd5 Be6 16.Qc6+ Kf8 17.Rd1 Rc8 18.Qxa6 Qc7 19.Rxd6 Ke7 20.Rc6 Qd7 21.Be2 
Rhd8 22.O-O Qd2 23.Qa3 Ke8 24.Bh5 Qh6 25.Bd1 Qd2 26.Ba4 Bd7 27.Nd5 Qg5 28.
Rxc8 Rxc8 29.Bxd7+ 1-0

[Event "Continental"]
[Site "Sao Paulo BRA"]
[Date "2009.08.01"]
[Round "10.110"]
[White "Reis, Alan de Albuquerque Maranha"]
[Black "Van Riemsdijk, Marius Rombout"]
[Result "1-0"]
[WhiteElo "2026"]
[BlackElo "1854"]
[EventDate "2009.07.25"]
[PlyCount "46"]

1.d4 Nf6 2.c4 c5 3.Nf3 cxd4 4.Nxd4 Nc6 5.g3 Qb6 6.e3 e5 7.Nb5 a6 8.N5c3 d6
9.Bg2 Be7 10.O-O O-O 11.b3 Bf5 12.Ba3 Rfd8 13.Nd5 Nxd5 14.Bxd5 Nb4 15.Bxb4
Qxb4 16.Qf3 Bg6 17.h4 Bf6 18.e4 h5 19.Nc3 Rac8 20.Ne2 Rc5 21.Rfd1 Rd7 22.
g4 hxg4 23.Qxg4 Rdc7 1-0

[Event "Continental"]
[Site "Sao Paulo BRA"]
[Date "2009.08.01"]
[Round "10.112"]
[White "Mendes, David"]
[Black "Wolff, Carlos Alberto"]
[Result "0-1"]
[WhiteElo "1827"]
[BlackElo "2017"]
[EventDate "2009.07.25"]
[PlyCount "50"]

1.d4 d5 2.Nf3 Nf6 3.c4 e6 4.Nc3 c6 5.e3 Nbd7 6.Bd3 Bd6 7.O-O O-O 8.Qc2 Re8
9.Bd2 dxc4 10.Bxc4 e5 11.dxe5 Nxe5 12.Nxe5 Rxe5 13.f4 Rh5 14.Ne4 Bf5 15.
Nxf6+ Qxf6 16.Qd1 Qh4 17.Qf3 Qxh2+ 18.Kf2 Rh3 19.Rh1 Rxf3+ 20.Kxf3 Be4+ 
21.Kxe4 Qxg2+ 22.Kd3 b5 23.Bb3 Rd8 24.Bc3 Bc5+ 25.Bd4 Bxd4 0-1

[Event "Continental"]
[Site "Sao Paulo BRA"]
[Date "2009.08.01"]
[Round "10.114"]
[White "Ferreira, Jonas de Vargas"]
[Black "Pertuzatti, Daniel"]
[Result "0-1"]
[WhiteElo "1771"]
[BlackElo "2011"]
[EventDate "2009.07.25"]
[PlyCount "92"]

1.e4 Nf6 2.e5 Nd5 3.d4 d6 4.Nf3 Bg4 5.Be2 e6 6.O-O Be7 7.Re1 O-O 8.h3 Bh5 
9.c4 Nb6 10.Nc3 Nc6 11.exd6 cxd6 12.b3 d5 13.c5 Nd7 14.Bf4 b6 15.g4 Bg6 
16.Bb5 Qc8 17.cxb6 axb6 18.Na4 Ba3 19.Bc1 Bd6 20.Be3 Qb7 21.Rc1 Rfc8 22.
Nh4 Ba3 23.Bxc6 Rxc6 24.Rxc6 Qxc6 25.Nxg6 hxg6 26.Bc1 Bd6 27.Bd2 Rc8 28.
Qe2 Ba3 29.Nc3 Nf6 30.Nb5 Qa8 31.Nxa3 Qxa3 32.Be3 Ne4 33.Qb5 Qxa2 34.Qxb6 
g5 35.Qb5 g6 36.Re2 Qb1+ 37.Kg2 Ra8 38.Qb7 Ra1 39.Qb8+ Kh7 40.Qh2 Qf1+ 41.
Kf3 f5 42.Rc2 Qd1+ 43.Re2 Ra8 44.gxf5 gxf5 45.Qg2 Ra2 46.Bxg5 Rxe2 0-1

[Event "Continental"]
[Site "Sao Paulo BRA"]
[Date "2009.08.01"]
[Round "10.117"]
[White "Costa, Romualdo Mendonca da"]
[Black "Machado, Gilmar Dias"]
[Result "1-0"]
[WhiteElo "1813"]
[BlackElo "1960"]
[EventDate "2009.07.25"]
[PlyCount "93"]

1.d4 d5 2.c4 e5 3.dxe5 d4 4.Nf3 Nc6 5.a3 Be6 6.Nbd2 Nge7 7.g3 Ng6 8.Bg2 
Qd7 9.O-O O-O-O 10.Qa4 Kb8 11.b4 Ncxe5 12.Qxd7 Rxd7 13.c5 Nc4 14.Nxc4 Bxc4
15.Rd1 Bxe2 16.Rxd4 Rxd4 17.Nxd4 Bg4 18.c6 b6 19.h3 Bc8 20.Be3 Bd6 21.Rd1 
a6 22.Kh2 h5 23.Bd5 Rf8 24.Kg2 h4 25.Nf3 hxg3 26.fxg3 Ne7 27.Be4 Rh8 28.h4
Bg4 29.Bxb6 Bxg3 30.Kxg3 Bxf3 31.Bxc7+ Kxc7 32.Rd7+ Kc8 33.Rxe7 Bxe4 34.
Rxe4 Rh6 35.Re8+ Kc7 36.Re7+ Kxc6 37.Rxf7 Rg6+ 38.Kh3 Rg1 39.Rf5 Kb6 40.
Ra5 Rg6 41.h5 Rg1 42.Kh4 g6 43.h6 g5+ 44.Kh5 g4 45.Rg5 g3 46.Kg6 g2 47.h7 
1-0

[Event "Continental"]
[Site "Sao Paulo BRA"]
[Date "2009.08.01"]
[Round "10.118"]
[White "Zanetti, Joao Carlos Pereira"]
[Black "Gomes, Marco Tulio Caldeira"]
[Result "1/2-1/2"]
[WhiteElo "1746"]
[BlackElo "1890"]
[EventDate "2009.07.25"]
[PlyCount "114"]

1.d4 d5 2.c4 c6 3.Nf3 Nf6 4.Nc3 Nbd7 5.e3 e6 6.Bd3 dxc4 7.Bxc4 b5 8.Bd3 
Bb7 9.O-O Be7 10.Bd2 O-O 11.Rc1 b4 12.Ne4 a5 13.Nxf6+ Bxf6 14.Be4 Rc8 15.
Qa4 Qb6 16.Rc2 Rc7 17.Rfc1 Rfc8 18.a3 Be7 19.axb4 axb4 20.h3 c5 21.Bxb7 
Qxb7 22.dxc5 Bxc5 23.Bxb4 Bxb4 24.Rxc7 Rxc7 25.Rxc7 Qxc7 26.Qxb4 g6 27.Qc3
Qd6 28.b4 Nb6 29.Qd4 Qc7 30.Qc5 Qd8 31.Qa5 Qd3 32.Kh2 Qd6+ 33.g3 Kg7 34.
Qe5+ Qxe5 35.Nxe5 Kf6 36.Nd3 Kf5 37.f3 e5 38.g4+ Ke6 39.Kg3 f6 40.e4 g5 
41.Nc5+ Kd6 42.h4 h6 43.hxg5 hxg5 44.Nd3 Kc6 45.f4 exf4+ 46.Nxf4 gxf4+ 47.
Kxf4 Kd7 48.Kf5 Ke7 49.e5 fxe5 50.Kxe5 Kf7 51.Kd6 Nc8+ 52.Kc7 Na7 53.Kb6 
Nc8+ 54.Kb7 Nd6+ 55.Kc6 Nc8 56.Kc5 Kf6 57.b5 Kg5 1/2-1/2

[Event "Continental"]
[Site "Sao Paulo BRA"]
[Date "2009.08.01"]
[Round "10.123"]
[White "Palomino, Alexandre"]
[Black "Cirilo, Guilherme de Araujo"]
[Result "0-1"]
[WhiteElo "1879"]
[BlackElo "1803"]
[EventDate "2009.07.25"]
[PlyCount "34"]

1.e4 c6 2.b3 d5 3.exd5 cxd5 4.d4 Bf5 5.c4 Nf6 6.Nc3 e6 7.c5 Nc6 8.a3 e5 9.
Bb5 exd4 10.Qxd4 Be7 11.Nf3 O-O 12.Bxc6 bxc6 13.Ne5 Qc7 14.Bf4 Nh5 15.Ng6 
Nxf4 16.Nxf4 Bf6 17.Qd2 Bxc3 0-1

[Event "Continental"]
[Site "Sao Paulo BRA"]
[Date "2009.08.01"]
[Round "10.124"]
[White "Braga, Marcelo Melem"]
[Black "Medina, Diana Sanroman Baeta"]
[Result "0-1"]
[WhiteElo "1769"]
[BlackElo "1699"]
[EventDate "2009.07.25"]
[PlyCount "98"]

1.d4 c6 2.c4 d5 3.Nc3 Nf6 4.Bg5 e6 5.e3 c5 6.cxd5 exd5 7.Bxf6 Qxf6 8.Nxd5 
Qd8 9.dxc5 Be6 10.Nc3 Nc6 11.Ne4 Qa5+ 12.Qd2 Qxd2+ 13.Nxd2 Bxc5 14.a3 O-O 
15.Ngf3 Rfd8 16.Bb5 Rac8 17.Rc1 Be7 18.O-O Bf6 19.Bxc6 bxc6 20.Rc2 Bf5 21.
e4 Be6 22.Rfc1 Rb8 23.b4 Rd3 24.e5 Be7 25.Rc3 Rxc3 26.Rxc3 Bd5 27.Nd4 Rd8 
28.Nf5 Bg5 29.Rd3 g6 30.Nd6 Bf4 31.N6c4 Re8 32.b5 Bxd2 33.Nxd2 Rxe5 34.f3 
cxb5 35.Kf2 Be6 36.f4 Rd5 37.Ke3 Kf8 38.g3 Ke7 39.Rc3 Bf5 40.Ne4 Bxe4 41.
Kxe4 Kd6 42.Rc8 Rc5 43.Rxc5 Kxc5 44.g4 Kc4 45.Ke5 a5 46.Kf6 b4 47.f5 bxa3 
48.Kxf7 gxf5 49.gxf5 a2 0-1